Fashion trends squeezes out-of-towners (Record no. 75213)
[ view plain ]
| 000 -LEADER | |
|---|---|
| fixed length control field | 00835cab a2200169 4500 |
| 001 - CONTROL NUMBER | |
| control field | L129684 |
| 008 - FIXED-LENGTH DATA ELEMENTS--GENERAL INFORMATION | |
| fixed length control field | 050511n2005 000 0 eng u |
| 035 ## - SYSTEM CONTROL NUMBER | |
| System control number | (Sirsi) u129684 |
| 041 ## - LANGUAGE CODE | |
| Language code of text/sound track or separate title | eng |
| 245 ## - TITLE STATEMENT | |
| Title | Fashion trends squeezes out-of-towners |
| 260 ## - PUBLICATION, DISTRIBUTION, ETC. | |
| Date of publication, distribution, etc. | 2005 |
| 490 ## - SERIES STATEMENT | |
| Series statement | Estates Gazette |
| Volume/sequential designation | (0517) 30 April 2005, 34(1) |
| 520 ## - SUMMARY, ETC. | |
| Summary, etc. | Research from retail analyst Verdict shows that the UK average out-of-town retail rent rose 7% to £23 per sq ft, the highest rate for four years. Verdict forecasts that the trend will continue as clothing retailers fight for space and that spending at traditional high street retailers in out-of-town locations will increase by 50% to £12bn over the next four years. |
| 590 ## - LOCAL NOTE (RLIN) | |
| Local note | IKA190505 |
| 690 ## - LOCAL SUBJECT ADDED ENTRY--TOPICAL TERM (OCLC, RLIN) | |
| Topical term or geographic name as entry element | PROPERTY-COMMERCIAL PROPERTY-RETAIL PROPERTY-OUT OF TOWN RETAIL PROPERTY |
| 942 ## - ADDED ENTRY ELEMENTS (KOHA) | |
| Suppress in OPAC | 0 |
| Withdrawn status | Lost status | Source of classification or shelving scheme | Damaged status | Not for loan | Home library | Current library | Shelving location | Date acquired | Total Checkouts | Full call number | Barcode | Date last seen | Copy number | Price effective from | Koha item type |
|---|---|---|---|---|---|---|---|---|---|---|---|---|---|---|---|
| Dewey Decimal Classification | London | London | News article | 11/05/2005 | L129684 | 129684-1001 | 06/08/2019 | 1 | 06/08/2019 | News article |